| 000 | 00680nam a2200253 a 4500 | ||
|---|---|---|---|
| 003 | AR-BaBNM | ||
| 005 | 20251128205955.0 | ||
| 008 | 082120s2002 ||||||||||||||000 | spa|| | ||
| 020 | _a950-9860-00-X | ||
| 040 | _cAR-BaBNM | ||
| 100 | 1 | _aPavón Pereyra, Enrique | |
| 245 | 0 | 0 |
_aEvita _bla mujer del siglo. 2 |
| 260 |
_aBuenos Aires _bZupa _c[s.f.] |
||
| 300 |
_ap. 181-360 _bil., láms. |
||
| 504 | _aBibliografía y fuentes para consultar p. 359-360 | ||
| 650 | 4 | _aHISTORIA ARGENTINA | |
| 650 | 4 | _aBIOGRAFIAS | |
| 650 | 4 | _aSINDICALISMO | |
| 650 | 4 | _aHISTORIA POLITICA | |
| 650 | 4 | _a17 DE OCTUBRE DE 1945 | |
| 655 | _aBIOGRAFIAS | ||
| 942 | _cBK | ||
| 998 | _cMariana | ||
| 999 |
_c13556 _d13556 |
||